[Event "GER-ch U25-A"]
[Site "Willingen"]
[Date "2019.06.13"]
[Round "7"]
[White "Kotyk, Michael"]
[Black "Hartmann, Jakob"]
[Result "1/2-1/2"]
[WhiteElo "1966"]
[BlackElo "2144"]
[PlyCount "132"]
[EventDate "2019.06.08"]
[EventType "swiss"]
[EventRounds "9"]
[EventCountry "GER"]
[SourceTitle "CBM 191 Extra"]
[Source "ChessBase"]
[SourceDate "2019.09.30"]
[SourceVersion "1"]
[SourceVersionDate "2019.09.30"]
[SourceQuality "1"]

1. d4 d5 2. c4 e6 3. cxd5 exd5 4. Nc3 c6 5. Nf3 Nf6 6. Bg5 Be7 7. Qc2 g6 8. e3 Bf5 9. Bd3 Bxd3 10. Qxd3 0-0 11. 0-0 Re8 12. Bxf6 Bxf6 13. b4 Nd7 14. Rfc1 Nb6 15. b5 Nc4 16. bxc6 bxc6 17. Na4 Qa5 18. Nc5 Be7 19. Nb3 Qa3 20. Nfd2 Nxd2 21. Qxd2 Bb4 22. Qe2 Re6 23. Rc2 Rb8 24. Rac1 Rb6 25. g3 Kg7 26. Kg2 Be7 27. Nc5 Bxc5 28. Rxc5 Rb2 29. R1c2 Rb6 30. Qd2 Qa6 31. Ra5 Qb7 32. Qd3 Qd7 33. h3 Rb7 34. Rac5 Rb6 35. R2c3 Rb2 36. Rc2 Rb6 37. a4 Qb7 38. a5 Rb3 39. R2c3 Rb2 40. Rc2 Rb3 41. Qd1 Rf6 42. Rxc6 Rxc6 43. Rxc6 Rxe3 44. Rxg6+ hxg6 45. fxe3 Qb2+ 46. Kf3 Qb5 47. Qe1 Kf8 48. Kf2 Kg7 49. Qc3 Qb1 50. h4 a6 51. Ke2 Qb5+ 52. Kf2 Qb1 53. Qe1 Qf5+ 54. Ke2 Qc2+ 55. Qd2 Qc4+ 56. Kd1 Qb3+ 57. Kc1 Qa3+ 58. Kd1 Qb3+ 59. Ke2 Qb5+ 60. Kf2 Qa4 61. Kf3 Qb5 62. e4 Qf1+ 63. Ke3 Qg1+ 64. Kf4 dxe4 65. Kxe4 Qxg3 66. Kd5 Qxh4 1/2-1/2

[Event "GER-ch U25-A"]
[Site "Willingen"]
[Date "2019.06.10"]
[Round "3"]
[White "Behringer, Tom"]
[Black "Hartmann, Jakob"]
[Result "0-1"]
[WhiteElo "1766"]
[BlackElo "2144"]
[PlyCount "84"]
[EventDate "2019.06.08"]
[EventType "swiss"]
[EventRounds "9"]
[EventCountry "GER"]
[SourceTitle "CBM 191 Extra"]
[Source "ChessBase"]
[SourceDate "2019.09.30"]
[SourceVersion "1"]
[SourceVersionDate "2019.09.30"]
[SourceQuality "1"]

1. d4 d5 2. c4 e6 3. Nc3 c6 4. Nf3 dxc4 5. a4 Bb4 6. e3 b5 7. Bd2 a5 8. axb5 Bxc3 9. Bxc3 cxb5 10. b3 Bb7 11. bxc4 b4 12. Bb2 Nf6 13. Bd3 0-0 14. 0-0 Nbd7 15. Nd2 Qc7 16. f3 e5 17. Bc2 Rfe8 18. Ba4 Bc6 19. Re1 exd4 20. Bxd4 Bxa4 21. Qxa4 Nc5 22. Qc2 Nfd7 23. Nb3 Nxb3 24. Qxb3 Nc5 25. Bxc5 Qxc5 26. Ra2 h6 27. Kf2 Red8 28. Rc1 Rd6 29. Rca1 Qc7 30. Kg1 Rc6 31. Rc1 Rc5 32. Rd2 Qb6 33. Rb1 Qe6 34. Rd4 a4 35. Qd3 b3 36. Ra1 Rcc8 37. Qc3 Qb6 38. Qb2 a3 39. Rxa3 Rxa3 40. Rg4 g6 41. Rh4 Qxe3+ 42. Kf1 Ra2 0-1

[Event "Berlin Spandau op"]
[Site "Berlin"]
[Date "2018.12.27"]
[Round "1"]
[White "Nimptsch, Nikolas"]
[Black "Hartmann, Jakob"]
[Result "1/2-1/2"]
[WhiteElo "1491"]
[BlackElo "2176"]
[PlyCount "53"]
[EventDate "2018.12.27"]
[EventType "swiss"]
[EventRounds "7"]
[EventCountry "GER"]
[SourceTitle "CBM 188 Extra"]
[Source "ChessBase"]
[SourceDate "2019.02.26"]
[SourceVersion "1"]
[SourceVersionDate "2019.02.26"]
[SourceQuality "1"]

1. Nf3 d5 2. d4 e6 3. Bf4 Bd6 4. Bxd6 Qxd6 5. e3 Nf6 6. Nbd2 b6 7. c4 0-0 8. Be2 Nbd7 9. 0-0 Bb7 10. cxd5 exd5 11. Rc1 Ne4 12. Ne1 Rfe8 13. Nd3 Re7 14. Nb1 Rae8 15. Nc3 a6 16. a3 c5 17. dxc5 bxc5 18. Nxe4 Rxe4 19. Bf3 Rh4 20. g3 Rh6 21. Nf4 Nf6 22. Qb3 Ba8 23. Rfd1 c4 24. Qc2 g5 25. Ne2 g4 26. Bg2 Qe5 27. Nf4 1/2-1/2

[Event "GER-ch U25-A"]
[Site "Willingen"]
[Date "2018.05.21"]
[Round "3"]
[White "Hartmann, Jakob"]
[Black "Zeuner, Ole"]
[Result "1-0"]
[WhiteElo "2087"]
[BlackElo "1948"]
[PlyCount "77"]
[EventDate "2018.05.19"]
[EventType "swiss"]
[EventRounds "9"]
[EventCountry "GER"]
[SourceTitle "CBM 184 Extra"]
[Source "ChessBase"]
[SourceDate "2018.06.28"]
[SourceVersion "1"]
[SourceVersionDate "2018.06.28"]
[SourceQuality "1"]

1. e4 e5 2. Nf3 Nc6 3. Bc4 Bc5 4. 0-0 Nf6 5. d3 d6 6. c3 a6 7. Bb3 Ba7 8. Be3 h6 9. Nbd2 0-0 10. h3 Nh5 11. Re1 Qf6 12. Nf1 Nf4 13. Ng3 g6 14. Nh2 Kg7 15. Qf3 Bxe3 16. Qxe3 h5 17. Rad1 Rh8 18. d4 g5 19. Bc2 Ne7 20. dxe5 dxe5 21. Nf5+ Kg6 22. Qc5 Nc6 23. Ba4 b5 24. Bb3 Bxf5 25. exf5+ Kg7 26. Rd7 Rhf8 27. Nf3 Rae8 28. Nd2 Rd8 29. Ne4 Qxf5 30. Rxd8 Nxd8 31. Ng3 Qf6 32. Rxe5 Nde6 33. Bxe6 fxe6 34. Nxh5+ Nxh5 35. Rxg5+ Kh6 36. Rxh5+ Kg6 37. Re5 Rd8 38. Qe3 Rd6 39. Re4 1-0

[Event "GER-ch U25-A"]
[Site "Willingen"]
[Date "2018.05.20"]
[Round "1"]
[White "Hartmann, Jakob"]
[Black "Seref, Erdogan"]
[Result "0-1"]
[WhiteElo "2087"]
[BlackElo "1905"]
[PlyCount "102"]
[EventDate "2018.05.19"]
[EventType "swiss"]
[EventRounds "9"]
[EventCountry "GER"]
[SourceTitle "CBM 184 Extra"]
[Source "ChessBase"]
[SourceDate "2018.06.28"]
[SourceVersion "1"]
[SourceVersionDate "2018.06.28"]
[SourceQuality "1"]

1. e4 e5 2. Nf3 Nc6 3. Bc4 Bc5 4. c3 Nf6 5. d3 d6 6. 0-0 0-0 7. Nbd2 a6 8. Bb3 Ba7 9. h3 Ne7 10. Re1 Ng6 11. Nf1 Re8 12. Ng3 h6 13. Be3 Bxe3 14. fxe3 Be6 15. Nh2 d5 16. Qf3 Qd7 17. Rf1 c6 18. Rad1 Rad8 19. Nf5 Bxf5 20. exf5 e4 21. Qf2 Ne5 22. d4 Nd3 23. Qe2 h5 24. Rd2 Qd6 25. Bd1 Qg3 26. Kh1 Rd7 27. Rg1 Nc1 28. Qf2 Qxf2 29. Rxf2 Nd3 30. Rd2 c5 31. g4 hxg4 32. hxg4 g5 33. fxg6 fxg6 34. g5 Nh5 35. Ng4 Kg7 36. Nf2 c4 37. Kg2 Rf7 38. Bg4 Ref8 39. Nxd3 cxd3 40. Be6 Rf3 41. Bxd5 Rg3+ 42. Kh1 Rh3+ 43. Kg2 Rg3+ 44. Kh1 Rxe3 45. Bxb7 Rff3 46. Bxa6 Rh3+ 47. Rh2 d2 48. Bc8 Re1 49. Bg4 Rg3 50. Rhg2 Rxg4 51. Rxg4 d1Q 0-1

[Event "GER-ch U25-A"]
[Site "Willingen"]
[Date "2017.06.05"]
[Round "3"]
[White "Wenninger, Philipp"]
[Black "Hartmann, Jakob"]
[Result "1-0"]
[WhiteElo "2330"]
[BlackElo "2042"]
[PlyCount "83"]
[EventDate "2017.06.04"]
[EventType "swiss"]
[EventRounds "9"]
[EventCountry "GER"]
[SourceTitle "CBM 178 Extra"]
[Source "ChessBase"]
[SourceDate "2017.06.22"]
[SourceVersion "1"]
[SourceVersionDate "2017.06.22"]
[SourceQuality "1"]

1. d4 d5 2. c4 c6 3. Nf3 Nf6 4. Nc3 e6 5. e3 Nbd7 6. Qc2 Bd6 7. b3 0-0 8. Be2 b6 9. 0-0 Bb7 10. Bb2 Rc8 11. Rad1 Qe7 12. Rfe1 c5 13. cxd5 Nxd5 14. Nxd5 Bxd5 15. e4 Bb7 16. Qc3 c4 17. bxc4 Bb4 18. Qb3 Bxe4 19. Rf1 Rfd8 20. Qe3 Nf6 21. Ne5 Qb7 22. f3 Bc2 23. Rc1 Ba4 24. f4 Nd7 25. Rf3 Nxe5 26. fxe5 Bc6 27. Rg3 Be4 28. Rf1 Bg6 29. Kh1 Be7 30. Qf4 Qe4 31. Qxe4 Bxe4 32. Rd1 b5 33. c5 a6 34. Ra1 Bg6 35. Rb3 Bc2 36. Ra3 Bxc5 37. dxc5 Rd2 38. Bf3 b4 39. Rxa6 Bd3 40. Rd6 Rxb2 41. Rxd3 Kf8 42. c6 1-0

[Event "Berlin-ch MT"]
[Site "Berlin"]
[Date "2017.04.10"]
[Round "1"]
[White "Stern, Rene"]
[Black "Hartmann, Jakob"]
[Result "1-0"]
[WhiteElo "2506"]
[BlackElo "2091"]
[PlyCount "81"]
[EventDate "2017.04.10"]
[EventType "swiss"]
[EventRounds "9"]
[EventCountry "GER"]
[SourceTitle "CBM 189 Extra"]
[Source "ChessBase"]
[SourceDate "2019.06.03"]
[SourceVersion "1"]
[SourceVersionDate "2019.06.03"]
[SourceQuality "1"]

1. Nf3 d5 2. d4 e6 3. c4 c6 4. e3 f5 5. Bd3 Nf6 6. 0-0 Bd6 7. b3 Qe7 8. Bb2 0-0 9. Nc3 Ne4 10. Ne2 b6 11. Rc1 Bb7 12. Ne5 Nd7 13. f3 Ng5 14. cxd5 Nxe5 15. dxe5 Bc5 16. d6 Bxe3+ 17. Kh1 Qf7 18. Rc4 c5 19. Bc1 Bxc1 20. Qxc1 h6 21. Qe3 Qd7 22. Nf4 Kh7 23. h4 Nf7 24. h5 Nd8 25. b4 Ba6 26. Rcc1 Bxd3 27. Qxd3 Nb7 28. Qa6 Rfc8 29. a3 b5 30. Nxe6 Qxe6 31. Qxb7 Qxe5 32. Rxc5 Rxc5 33. bxc5 Qe8 34. Qd5 Qxh5+ 35. Kg1 Rf8 36. d7 Qg5 37. Qd4 b4 38. axb4 a5 39. c6 Rb8 40. c7 Rxb4 41. d8Q 1-0

[Event "Berlin Spandau op 2nd"]
[Site "Berlin"]
[Date "2016.12.30"]
[Round "7"]
[White "Hartmann, Jakob"]
[Black "Hansch, Karsten"]
[Result "0-1"]
[WhiteElo "2049"]
[BlackElo "2220"]
[PlyCount "42"]
[EventDate "2016.12.27"]
[EventType "swiss"]
[EventRounds "7"]
[EventCountry "GER"]
[SourceTitle "CBM 176 Extra"]
[Source "ChessBase"]
[SourceDate "2017.03.02"]
[SourceVersion "1"]
[SourceVersionDate "2017.03.02"]
[SourceQuality "1"]

1. e4 c6 2. d4 d5 3. e5 Bf5 4. h4 Qb6 5. g4 Bd7 6. h5 c5 7. c3 cxd4 8. cxd4 Nc6 9. Nc3 Qxd4 10. Qxd4 Nxd4 11. Bd3 e6 12. Be3 Nc6 13. Nb5 Kd8 14. Ke2 Nxe5 15. Nxa7 Nxd3 16. Kxd3 Bd6 17. Rc1 Bb8 18. Bb6+ Ke8 19. Nc8 Bf4 20. Be3 Bxe3 21. Nd6+ Ke7 0-1

[Event "GER-ch U25-A"]
[Site "Willingen"]
[Date "2016.05.17"]
[Round "4"]
[White "Acikel, Mert"]
[Black "Hartmann, Jakob"]
[Result "1/2-1/2"]
[WhiteElo "1883"]
[BlackElo "1983"]
[PlyCount "120"]
[EventDate "2016.05.15"]
[EventType "swiss"]
[EventRounds "9"]
[EventCountry "GER"]
[SourceTitle "CBM 172 Extra"]
[Source "ChessBase"]
[SourceDate "2016.06.21"]
[SourceVersion "1"]
[SourceVersionDate "2016.06.21"]
[SourceQuality "1"]

1. e4 c5 2. Nf3 Nc6 3. d4 cxd4 4. Nxd4 Nf6 5. Nc3 e5 6. Ndb5 d6 7. Bg5 a6 8. Na3 b5 9. Nd5 Be7 10. Bxf6 Bxf6 11. c3 0-0 12. Nc2 Bg5 13. h4 Bh6 14. a4 bxa4 15. Rxa4 Kh8 16. Ncb4 Nxb4 17. Nxb4 Qb6 18. b3 f5 19. Nd5 Qa7 20. Bc4 fxe4 21. Qe2 Bg4 22. Qc2 e3 23. f3 Bf5 24. Qa2 e4 25. g4 Be6 26. g5 exf3 27. gxh6 f2+ 28. Kf1 Qd7 29. Nf4 Rxf4 30. Bxe6 Rxa4 31. bxa4 Qc6 32. Qd5 Qxd5 33. Bxd5 Rc8 34. c4 Rb8 35. Ke2 Rb3 36. hxg7+ Kxg7 37. Rd1 Kf6 38. Bg8 h6 39. Rxd6+ Kg7 40. Rd1 Kxg8 41. c5 Rc3 42. c6 Rxc6 43. Kxe3 Rc4 44. Kxf2 Rxa4 45. Rd6 Kg7 46. h5 a5 47. Rg6+ Kh7 48. Ra6 Ra3 49. Ra7+ Kg8 50. Ke2 a4 51. Kd2 Rh3 52. Rxa4 Rxh5 53. Ra7 Re5 54. Rb7 h5 55. Ra7 h4 56. Ra4 Rh5 57. Ke3 h3 58. Ra1 Kg7 59. Kf3 Kg6 60. Kg3 h2 1/2-1/2

[Event "GER-ch U25-A"]
[Site "Willingen"]
[Date "2016.05.16"]
[Round "3"]
[White "Hartmann, Jakob"]
[Black "Grohmann, Alexander"]
[Result "1/2-1/2"]
[WhiteElo "1983"]
[BlackElo "1801"]
[PlyCount "47"]
[EventDate "2016.05.15"]
[EventType "swiss"]
[EventRounds "9"]
[EventCountry "GER"]
[SourceTitle "CBM 172 Extra"]
[Source "ChessBase"]
[SourceDate "2016.06.21"]
[SourceVersion "1"]
[SourceVersionDate "2016.06.21"]
[SourceQuality "1"]

1. e4 c5 2. Nf3 e6 3. d4 cxd4 4. Nxd4 Nf6 5. Nc3 d6 6. g4 h6 7. h4 a6 8. Rg1 e5 9. Nf5 Nc6 10. Bc4 Na5 11. Bd5 Nxd5 12. Nxd5 Nc4 13. Nfe3 Nb6 14. Nxb6 Qxb6 15. Nd5 Qc6 16. Rg3 Qc4 17. Be3 Rb8 18. Qd2 Be6 19. 0-0-0 Bxd5 20. Qxd5 Rc8 21. c3 Qxd5 22. Rxd5 Be7 23. Rh3 Rc4 24. f3 1/2-1/2

[Event "Berlin Spandau op 1st"]
[Site "Berlin"]
[Date "2015.12.30"]
[Round "7"]
[White "Hartmann, Jakob"]
[Black "Sidabras, Ignas"]
[Result "1/2-1/2"]
[WhiteElo "1932"]
[BlackElo "1732"]
[PlyCount "55"]
[EventDate "2015.12.27"]
[EventType "swiss"]
[EventRounds "7"]
[EventCountry "GER"]
[SourceTitle "EXT 2022"]
[Source "ChessBase"]
[SourceDate "2021.10.06"]
[SourceVersion "1"]
[SourceVersionDate "2021.10.06"]
[SourceQuality "1"]

1. e4 e6 2. d4 d5 3. Nd2 dxe4 4. Nxe4 Nd7 5. Bd3 Ngf6 6. Nf3 Nxe4 7. Bxe4 Nf6 8. Bg5 Be7 9. Bxf6 gxf6 10. Qe2 c6 11. 0-0-0 Qa5 12. Kb1 Bd7 13. Rhe1 0-0-0 14. c3 f5 15. Bc2 Bf6 16. Qd2 Rdg8 17. g3 Rg4 18. Bb3 h5 19. h3 Rg7 20. h4 Rg4 21. Ka1 Qc7 22. Ne5 Bxe5 23. Rxe5 f4 24. Rg1 f6 25. Rxe6 fxg3 26. Rxf6 gxf2 27. Qxf2 Qd8 28. Rf4 1/2-1/2

[Event "GER-ch U25 op-A"]
[Site "Willingen"]
[Date "2015.05.26"]
[Round "5"]
[White "Sinnhoefer, Jonas"]
[Black "Hartmann, Jakob"]
[Result "0-1"]
[WhiteElo "1588"]
[BlackElo "1934"]
[PlyCount "94"]
[EventDate "2015.05.24"]
[EventType "swiss"]
[EventRounds "9"]
[EventCountry "GER"]
[SourceTitle "CBM 166 Extra"]
[Source "ChessBase"]
[SourceDate "2015.06.18"]
[SourceVersion "1"]
[SourceVersionDate "2015.06.18"]
[SourceQuality "1"]

1. e4 c5 2. Nf3 Nc6 3. d4 cxd4 4. Nxd4 Nf6 5. Nc3 e5 6. Ndb5 d6 7. Bg5 a6 8. Na3 b5 9. Nd5 Be7 10. Bxf6 Bxf6 11. c4 b4 12. Nc2 a5 13. Be2 0-0 14. 0-0 Be7 15. Qd3 Be6 16. Rfd1 Bxd5 17. cxd5 Nb8 18. Qb3 Nd7 19. Ne3 Nc5 20. Qc2 Bg5 21. Nc4 a4 22. Bf3 Qc7 23. b3 Ra7 24. Nb2 Rfa8 25. Nxa4 Nxa4 26. Qxc7 Rxc7 27. bxa4 Rxa4 28. Rdb1 Bd2 29. g3 Rca7 30. Rb2 Bc3 31. Rc2 Kf8 32. Rac1 Rxa2 33. Rxc3 bxc3 34. Rxc3 Ke7 35. Rc6 Rb2 36. Rc1 Raa2 37. Rf1 g6 38. g4 Kf6 39. h4 h6 40. Kg2 Rc2 41. g5+ hxg5 42. h5 g4 43. Bxg4 Kg5 44. Bd1 Rd2 45. hxg6 fxg6 46. Kg3 Ra1 47. Be2 Ra3+ 0-1

[Event "Magdeburg op-A"]
[Site "Magdeburg"]
[Date "2014.06.10"]
[Round "4"]
[White "Balazs, Balint"]
[Black "Hartmann, Jakob"]
[Result "1-0"]
[WhiteElo "1873"]
[BlackElo "1735"]
[PlyCount "93"]
[EventDate "2014.06.08"]
[EventType "swiss"]
[EventRounds "9"]
[EventCountry "GER"]
[SourceTitle "CBM 160 Extra"]
[Source "ChessBase"]
[SourceDate "2014.07.01"]
[SourceVersion "1"]
[SourceVersionDate "2014.07.01"]
[SourceQuality "1"]

1. e4 e5 2. Bc4 Nf6 3. d3 c6 4. Nf3 d5 5. exd5 cxd5 6. Bb3 Bd6 7. Bg5 Be6 8. Nc3 Bc7 9. 0-0 Nc6 10. Re1 0-0 11. Bxf6 gxf6 12. Qd2 Kh8 13. Nh4 Rg8 14. Qh6 Nd4 15. Ne2 Nxe2+ 16. Rxe2 f5 17. Nf3 Rg6 18. Qd2 f6 19. Nh4 Rg7 20. f4 Rg4 21. Nf3 Rxf4 22. h3 Qg8 23. Kh1 e4 24. Nd4 Qg3 25. Kg1 Bb6 26. c3 Bf7 27. Re3 Bxd4 28. cxd4 Rf3 29. Rxf3 exf3 30. Qf2 Rg8 31. Qxg3 Rxg3 32. Kf2 Rxg2+ 33. Kxf3 Rxb2 34. Rc1 Rd2 35. Rc7 Bh5+ 36. Ke3 Rh2 37. Bxd5 Rxh3+ 38. Kd2 Bf3 39. Bxf3 Rxf3 40. d5 Rg3 41. d6 Rg4 42. Kc3 b5 43. d4 b4+ 44. Kc4 f4 45. d7 f3 46. d8Q+ Rg8 47. Qxf6+ 1-0

[Event "Magdeburg op-A"]
[Site "Magdeburg"]
[Date "2014.06.08"]
[Round "1"]
[White "Hartmann, Jakob"]
[Black "Wagner, Swenja"]
[Result "0-1"]
[WhiteElo "1735"]
[BlackElo "1417"]
[PlyCount "106"]
[EventDate "2014.06.08"]
[EventType "swiss"]
[EventRounds "9"]
[EventCountry "GER"]
[SourceTitle "CBM 160 Extra"]
[Source "ChessBase"]
[SourceDate "2014.07.01"]
[SourceVersion "1"]
[SourceVersionDate "2014.07.01"]
[SourceQuality "1"]

1. e4 e5 2. Nf3 Nc6 3. Bc4 Nf6 4. d3 Bc5 5. 0-0 d6 6. c3 Bg4 7. Nbd2 0-0 8. h3 Bh5 9. Re1 Re8 10. Nf1 d5 11. exd5 Nxd5 12. Ng3 Bg6 13. Bg5 Qd7 14. Nh4 f6 15. Bd2 Bf7 16. Nhf5 Kh8 17. Qf3 Rad8 18. Re2 Be6 19. Nh4 Na5 20. b4 Nxc4 21. dxc4 Nf4 22. Bxf4 exf4 23. Qxf4 Bd6 24. Qd4 Be5 25. Qxd7 Rxd7 26. c5 Bxc3 27. Rb1 Rde7 28. a3 Bf7 29. Rxe7 Rxe7 30. Rd1 Re1+ 31. Rxe1 Bxe1 32. Nf3 Bc3 33. Ne4 Bb2 34. a4 Bb3 35. a5 Ba3 36. Nfd2 Ba4 37. Nc3 Bxb4 38. Nde4 Bc6 39. Kf1 Bxa5 40. g4 Kg8 41. Ke2 Kf7 42. f4 Bxc3 43. Nxc3 a5 44. Kd3 a4 45. Kc4 b5+ 46. Nxb5 Bxb5+ 47. Kxb5 a3 48. Kc6 a2 49. Kxc7 a1Q 50. c6 Qa7+ 51. Kd8 Qe7+ 52. Kc8 Ke6 53. c7 Kd6 0-1